Normal view
MARC view
Entry Personal Name
001 - CONTROL NUMBER
- control field: 23061
003 - CONTROL NUMBER IDENTIFIER
- control field: OSt
005 - DATE AND TIME OF LATEST TRANSACTION
- control field: 20151227122537.0
008 - FIXED-LENGTH DATA ELEMENTS
- fixed length control field: 151227|| aca||aabn | a|a d
040 ## - CATALOGING SOURCE
- Original cataloging agency: OSt
- Transcribing agency: OSt
100 ## - HEADING--PERSONAL NAME
- Personal name: F R S Yates, frank
670 ## - SOURCE DATA FOUND
- Source citation: Work cat.: (OSt)36165: F R S Yates, frank, Sampling Methods for Censuses & Surveys, 1960









